| 000 | 00674nam a2200205Ia 4500 | ||
|---|---|---|---|
| 008 | 151119s9999||||xx |||||||||||||| ||und|| | ||
| 082 | _aसाळुंखे/मननि | ||
| 082 | _bGKKV34050 | ||
| 100 | _a"साळुंखे, आ ह" | ||
| 245 | _aमन निरभ्र व्हावं | ||
| 260 | _aसातारा | ||
| 260 | _bलोकायत प्रकाशन | ||
| 260 | _c2010 | ||
| 300 | _a48p. | ||
| 600 | _a"साळुंखे, आ ह" | ||
| 630 | _aमन निरभ्र व्हावं | ||
| 700 | _a"साळुंखे, आ ह" | ||
| 730 | _aमन निरभ्र व्हावं | ||
| 942 | _cBOOK | ||
| 999 |
_c1086343 _d1086340 |
||